| 000 | 01009nam a2200289 i 4500 | ||
|---|---|---|---|
| 001 | bg | ||
| 245 | 0 | 0 |
_aSprache und Literatur im Dialog / _chrsg. von Anna Radzik und Adalbert Wichert. |
| 260 |
_aKraków : _bWydawnictwo Naukowe Akademii Pedagogicznej, _c2007. |
||
| 300 |
_a222, [2] s. : _bil. ; _c24 cm. |
||
| 500 | _aMateriały z sympozjum, które odbyło się w dn. 10-13 maja 2006 r. w Krakowie. | ||
| 650 | 9 | _aJęzyk niemiecki | |
| 650 | 9 |
_aLiteratura niemiecka _xhistoria |
|
| 650 | 9 | _aPrzekłady | |
| 655 | _aMateriały konferencyjne | ||
| 700 | 1 |
_aRadzik, Anna _d(1961- ). _eRed. |
|
| 700 | 1 |
_aWichert, Adalbert _d(1946- ). _eRed. |
|
| 015 | _aPB 27407/2007 | ||
| 020 | _a9788372714435 | ||
| 040 | _cBPK | ||
| 041 | _apol | ||
| 044 | _aPOL | ||
| 080 | _a811.112.2:821.112.2(091)::81'25](06) | ||
| 920 | _a978-83-7271-443-5 | ||
| 942 | _cKS | ||
| 008 | 071026s2007 pl a |100 0 ger | ||
| 999 |
_c55784 _d55784 |
||